Freedom's law : (Record no. 2120)
[ view plain ]
| 000 -LEADER | |
|---|---|
| fixed length control field | 00654cam a22002052 4500 |
| 001 - CONTROL NUMBER | |
| control field | 0000003451 |
| 005 - DATE AND TIME OF LATEST TRANSACTION | |
| control field | 20151217145735.0 |
| 008 - FIXED-LENGTH DATA ELEMENTS--GENERAL INFORMATION | |
| fixed length control field | 070507s xx 000 0 eng d |
| 020 ## - INTERNATIONAL STANDARD BOOK NUMBER | |
| International Standard Book Number | 0674319281 : |
| Terms of availability | KES 400 |
| 040 ## - CATALOGING SOURCE | |
| Original cataloging agency | KABU |
| Transcribing agency | KABU |
| 050 #0 - LIBRARY OF CONGRESS CALL NUMBER | |
| Classification number | KF4552 |
| Item number | .D96 |
| 100 1# - MAIN ENTRY--PERSONAL NAME | |
| Personal name | Dworkin, Ronald. |
| -- | 0000153391 |
| 245 10 - TITLE STATEMENT | |
| Title | Freedom's law : |
| Remainder of title | the moral reading of the American constitution. |
| 260 ## - PUBLICATION, DISTRIBUTION, ETC. (IMPRINT) | |
| Place of publication, distribution, etc. | Cambridge, Mass : |
| Name of publisher, distributor, etc. | Harvard Univ. Press, |
| Date of publication, distribution, etc. | 1996. |
| 300 ## - PHYSICAL DESCRIPTION | |
| Extent | 404 p. |
| 651 #0 - SUBJECT ADDED ENTRY--GEOGRAPHIC NAME | |
| Geographic name | United States |
| General subdivision | Constitutional law |
| -- | Moral and ethical aspects. |
| -- | 0000153392 |
| 908 ## - PUT COMMAND PARAMETER (RLIN) | |
| Put command parameter | 070507 |
| 950 ## - LOCAL HOLDINGS (RLIN) | |
| -- | 1 |
| Withdrawn status | Lost status | Source of classification or shelving scheme | Not for loan | Home library | Current library | Date acquired | Total Checkouts | Full call number | Barcode | Date last seen | Date last checked out | Price effective from | Koha item type |
|---|---|---|---|---|---|---|---|---|---|---|---|---|---|
| Library of Congress Classification | Kabarak, Main Campus | Kabarak, Main Campus | 17/12/2015 | 1 | KF4552 .D96 | 007561 | 27/05/2025 | 03/10/2024 | 17/12/2015 | General Collection |